Secrets of Selkie Bay

Enregistré dans:
Détails bibliographiques
Auteur principal: Thomas, Shelley Moore
Format: Livre
Langue:Undetermined
Publié: New York Farrar Straus Giroux 2015
Sujets:
Tags: Ajouter un tag
Pas de tags, Soyez le premier à ajouter un tag!
Thư viện lưu trữ: Trung tâm Học liệu Trường Đại học Cần Thơ
LEADER 00511nam a2200193Ia 4500
001 CTU_227935
008 210402s9999 xx 000 0 und d
082 |a 813.54 
082 |b T454 
100 |a Thomas, Shelley Moore 
245 0 |a Secrets of Selkie Bay 
245 0 |c Shelley Moore Thomas 
260 |a New York 
260 |b Farrar Straus Giroux 
260 |c 2015 
650 |a Selkies,Selkies 
650 |z Ireland,Ireland 
910 |b nthai 
980 |a Trung tâm Học liệu Trường Đại học Cần Thơ